| 000 | 00828nam a22002417a 4500 | ||
|---|---|---|---|
| 999 |
_c5091 _d5091 |
||
| 003 | AR-CdUCM | ||
| 008 | 190312b ||||| |||| 00| 0 spa d | ||
| 020 | _a84-244-0451-3 | ||
| 040 |
_aMUNICIPALIDAD PROVINCIAL DEL CUSCO _cBIBLIOTECA MUNICIPAL DEL CUSCO |
||
| 082 |
_a150 / _bSE34 |
||
| 100 |
_aSechenov, Ivan M. _915494 |
||
| 245 | _aLos reflejos cerebrales / | ||
| 260 |
_aBarcelona : _bFontanella, _c1978, |
||
| 300 |
_a178 páginas ; _bfiguras, _c18 cm. |
||
| 440 |
_aBreviarios de conducta humana. _n8 _915495 |
||
| 505 | _aContenido: Los reflejos cerebrales -- Movimientos involuntarios -- Movimientos voluntarios. | ||
| 650 |
_aConcepción científica _915377 |
||
| 650 |
_aEstímulos _915496 |
||
| 650 |
_aReflejos _915497 |
||
| 700 |
_aColodrón, Antonio (prólogo) _915498 |
||
| 942 |
_2ddc _cLIBROS |
||
| 945 | _aachl | ||